Normal view
MARC view
- تاليف:ابراهيم، سامي خليل
Entry Personal Name
001 - CONTROL NUMBER
- control field: 60290
003 - CONTROL NUMBER IDENTIFIER
- control field: JO-AjAnu
005 - DATE AND TIME OF LATEST TRANSACTION
- control field: 20230606083845.0
008 - FIXED-LENGTH DATA ELEMENTS
- fixed length control field: 230606|| aca||aabn | a|a d
040 ## - CATALOGING SOURCE
- Original cataloging agency: JO-AjAnu
- Transcribing agency: JO-AjAnu
100 ## - HEADING--PERSONAL NAME
- Personal name: تاليف:ابراهيم، سامي خليل
670 ## - SOURCE DATA FOUND
- Source citation: Work cat.: (JO-AjAnu)30746: تاليف:ابراهيم، سامي خليل, author, الاحوال العامة للاندلس في ولاية يوسف بن عبدالرحمن الفهري(129-142هـ/746-759م): دراسة تاريخية